000 00328nam a22001457a 4500
003 SGT
082 _a150
_bP14A
100 _aANITHIKAD, JACOB
245 _aPSYCHOLOGY & SOCIOLOGY FOR GNM & BPT STUDENTS
250 _a3RD
260 _aINDIA
_bJAYPEE
_c2014
300 _a262
650 _aPSYCHOLOGY
942 _2ddc
_cBK
_070
999 _c10854
_d10854